|
|
|
|
| LEADER |
00949nam a2200325 4500 |
| 001 |
DLU110125280 |
| 005 |
##20110919 |
| 040 |
# |
# |
|a DLU
|b vie
|
| 041 |
# |
# |
|a vie
|
| 044 |
# |
# |
|a vn
|
| 082 |
# |
# |
|a 363.7
|b Lan
|
| 245 |
# |
# |
|a Land and forest :
|b Projecting demand and managing encroachment : Natural resources for the future.
|n t.I /
|c The 1990 TDRI year-end Conference; Theodore Panayotou, Chartchai Parasuk.
|
| 260 |
# |
# |
|a [Bangkok, Thailand] :
|b Thailan development research institute foundation,
|c 1990.
|
| 300 |
# |
# |
|a xii, 85 tr. ;
|c 28 cm.
|
| 504 |
# |
# |
|a Tài liệu tham khảo: tr.83.
|
| 650 |
# |
# |
|a Land use
|z Thailand.
|
| 700 |
# |
# |
|a Chartchai Parasuk.
|
| 700 |
# |
# |
|a Panayotou, Theodore.
|
| 923 |
# |
# |
|a 01/2011MT
|
| 990 |
# |
# |
|a t.I
|
| 991 |
# |
# |
|a GT
|
| 992 |
# |
# |
|a 0
|
| 994 |
# |
# |
|a KMT
|
| 900 |
# |
# |
|a True
|
| 911 |
# |
# |
|a Đào Thị Thu Huyền
|
| 925 |
# |
# |
|a G
|
| 926 |
# |
# |
|a A
|
| 927 |
# |
# |
|a SH
|
| 980 |
# |
# |
|a Thư viện Trường Đại học Đà Lạt
|